Methods of teaching / (Record no. 10113)

MARC details
000 -LEADER
fixed length control field 00696nam a22002297i 4500
003 - CONTROL NUMBER IDENTIFIER
control field URS
005 - DATE AND TIME OF LATEST TRANSACTION
control field 20250514212932.0
008 - FIXED-LENGTH DATA ELEMENTS--GENERAL INFORMATION
fixed length control field 160822b xxu||||| |||| 00| 0 eng d
020 ## - INTERNATIONAL STANDARD BOOK NUMBER
International Standard Book Number 9716856598
040 ## - CATALOGING SOURCE
Description conventions rda
Transcribing agency URS
Language of cataloging English
050 ## - LIBRARY OF CONGRESS CALL NUMBER
Classification number LB1025
Item number .Sa31 2006
100 ## - MAIN ENTRY--PERSONAL NAME
Personal name Salandanan, Gloria G.,
Relator term author.
245 ## - TITLE STATEMENT
Title Methods of teaching /
Statement of responsibility, etc Gloria G. Salandanan.
264 #1 - PUBLICATION, DISTRIBUTION, ETC. (IMPRINT)
Place of publication, distribution, etc Quezon City :
Name of publisher, distributor, etc Lorimar Publishing Company, Incorporated,
Date of publication, distribution, etc ©2006.
300 ## - PHYSICAL DESCRIPTION
Extent 109 pages ;
Dimensions 25 cm.
336 ## - CONTENT TYPE
Content type term text
Content type code txt
Source rdacontent
337 ## - MEDIA TYPE
Media type term unmediated
Media type code n
Source rdamedia
338 ## - CARRIER TYPE
Carrier type term volume
Carrier type code nc
Source rdacarrier
504 ## - BIBLIOGRAPHY, ETC. NOTE
Bibliography, etc Includes bibliographical references.
650 ## - SUBJECT ADDED ENTRY--TOPICAL TERM
Topical term or geographic name as entry element Teaching.
942 ## - ADDED ENTRY ELEMENTS (KOHA)
Source of classification or shelving scheme Library of Congress Classification
Koha item type Filipiniana
Holdings
Withdrawn status Lost status Source of classification or shelving scheme Damaged status Not for loan Collection code Home library Current library Shelving location Date acquired Source of acquisition Cost, normal purchase price Total Checkouts Full call number Barcode Date last seen Copy number Cost, replacement price Koha item type
    Library of Congress Classification     Non-fiction Taytay College Library Taytay College Library Filipiniana Section 08/10/2009 Purchased 224.00   LB1025 .Sa31 2006 URSTAY-2043 06/02/2025 1 224.00 Filipiniana
    Library of Congress Classification     Non-fiction Taytay College Library Taytay College Library Filipiniana Section 08/10/2009 Purchased 224.00   LB1025 .Sa31 2006 URSTAY-2044 06/02/2025 2 224.00 Filipiniana
    Library of Congress Classification     Non-fiction Taytay College Library Taytay College Library Filipiniana Section 08/10/2009 Purchased 224.00   LB1025 .Sa31 2006 URSTAY-2045 06/02/2025 3 224.00 Filipiniana
    Library of Congress Classification     Non-fiction Taytay College Library Taytay College Library Filipiniana Section 08/10/2009 Purchased 224.00   LB1025 .Sa31 2006 URSTAY-2046m 08/22/2016 4 224.00 Filipiniana
    Library of Congress Classification     Non-fiction Taytay College Library Taytay College Library Filipiniana Section 08/10/2009 Purchased 224.00   LB1025 .Sa31 2006 URSTAY-2047 06/02/2025 5 224.00 Filipiniana
    Library of Congress Classification     Non-fiction Taytay College Library Taytay College Library Filipiniana Section 01/29/2009 Purchased 224.00   LB1025 .Sa31 2009 URSTAY-1567 06/02/2025 1 224.00 Filipiniana

University of Rizal System
Email us at univlibservices@urs.edu.ph

Visit our Website www.urs.edu.ph/library